=LDR 00000nam 2200000 4500 =001 INLIS000000000000145 =005 20150121094053.0 =006 =007 =008 Ind =035 ##$$0010-061300000000145 =041 ##$$a Ind =082 ##$$a 92(Montesquieu) =090 ##$$a 92(Montesquieu) Shk m =100 ##$$a Shklar, Judith N =245 ##$$a Montesquieu, penggagas trias politica / Judith N.Shklar; penerjemah, Angelina S.Maran =250 ##$$a Seri Empu Dunia =260 ##$$aJakarta$bPustaka Utama Grafiti$c1996 =300 ##$$a xii,214 hlm. ; 19 cm =650 ##$$a Montesquieu-Biografi =700 ##$$a Maran, Angelina S =850 ##$$a NBPDMAT